GW-Basic Made Easy / (Record no. 176722)
[ view plain ]
| 000 -LEADER | |
|---|---|
| fixed length control field | 00736 a2200169 4500 |
| 003 - CONTROL NUMBER IDENTIFIER | |
| control field | Nust |
| 005 - DATE AND TIME OF LATEST TRANSACTION | |
| control field | 20230530103048.0 |
| 040 ## - CATALOGING SOURCE | |
| Transcribing agency | Nust |
| 082 ## - DEWEY DECIMAL CLASSIFICATION NUMBER | |
| Classification number | 005.133,ALB |
| 100 ## - MAIN ENTRY--PERSONAL NAME | |
| Personal name | Albrechte,Bob |
| 9 (RLIN) | 112858 |
| 245 ## - TITLE STATEMENT | |
| Title | GW-Basic Made Easy / |
| Statement of responsibility, etc. | Bob Albrechte and Dan Inman |
| 260 ## - PUBLICATION, DISTRIBUTION, ETC. | |
| Place of publication, distribution, etc. | Usa |
| Name of publisher, distributor, etc. | Microsoft |
| 300 ## - PHYSICAL DESCRIPTION | |
| Extent | 416p |
| 505 ## - FORMATTED CONTENTS NOTE | |
| Formatted contents note | Getting Started (Page-1), Do It Now (Page-19), Introduction To Programming (Page-43), Number Crunching (Page-69), Making Programs More Useful (Page-113), Control Structures (Page-145), Function Junction (Page-191), Sub Routines (Page-229), Arrays (Page-261), Sequential Files (Page-303), Random Access Files (Page-337), Graphics (Page-371). |
| 650 ## - SUBJECT ADDED ENTRY--TOPICAL TERM | |
| Topical term or geographic name entry element | GW Basic |
| 9 (RLIN) | 112859 |
| 942 ## - ADDED ENTRY ELEMENTS (KOHA) | |
| Source of classification or shelving scheme | |
| Koha item type | Book |
| Call number prefix | 005.133,ALB |
| Withdrawn status | Lost status | Source of classification or shelving scheme | Damaged status | Not for loan | Permanent Location | Current Location | Shelving location | Date acquired | Full call number | Barcode | Date last seen | Price effective from | Koha item type | Public note |
|---|---|---|---|---|---|---|---|---|---|---|---|---|---|---|
| Military College of Signals (MCS) | Military College of Signals (MCS) | General Stacks | 12/12/2016 | 005.133,ALB | MCS26190 | 12/08/2016 | 12/12/2016 | Book | Almirah No.80, Shelf No.2 |
